000 00328nam a2200145Ia 4500
008 230718s9999 xx 000 0 und d
041 _aEng.
082 _a376.9
_bRAB-P
100 _aRabbami, Ikram M.
245 0 _aPakistan Studies
260 _aPakistan
_bCacuam Book
_c2012
300 _a327
650 _aLaw
999 _c31281
_d31281